000 00351 a2200157 4500
001 65690
020 _a9788563623805
040 _cAnchieta - Pituba
100 _aBellini, Paloma
240 1 0 _aThe secret passage
_leng
245 1 0 _aThe secret passage
300 _a32
362 0 _a2011
650 4 _aLiteratura juvenil em inglês
942 _cBK
999 _c65690
_d65690